000 004490000a22001810004500
003 MACL
005 20160102171519.0
008 160102b xxu||||| |||| 00| 0 eng d
040 _aMACL
_cMACL
041 _aEnglish
082 _a547/MUR
100 _aMurthy, S K
_927427
245 _aOrganic Chemistry made Simple
260 _bDoubleday & Company
_c1962
_aNew York
350 _a2.45
650 _aChemistry
_927428
942 _cBK
_k547/MUR
_2ddc
999 _c37876
_d37876